000 00520cam a22001457a 4500
008 180718b1975 xxu||||| |||| 00| 0 eng d
082 _aXA31x763 K123
100 _aKain, John F.
245 _aHousing markets and racial discrimination: a microeconomic analysis
_cby John F. Kain and John M. Quigley
260 _aNew York
_bNational Bureau of Economic Research
_c1975
300 _a393p.
440 _aNBER urban and regional studies, no.3
650 _aHousing - Race Segregation - U.S.A.
700 _aQuigley, John M.
999 _c371041
_d371041